00250nam a2200097Ia 4500008004100000100001600041245004600057260002500103942000700128999001700135190216s9999||||xx |||||||||||||| ||und|| aChandra J P 0aComplete Solution Of Co-Ordinate Geometry bPragathi Prakashan cBK c32587d32587